Guess the Animal Sounds Quiz Stats

Quiz Updated Aug 11, 2016

Challenge
Share
Tweet
Score 0/16 Timer 06:00
0 Plays Today
Time Animal % Correct
0:00Elephant
97.6%
0:32Lamb
86.5%
0:08Canada Geese
78.8%
1:12Horse
77.7%
1:44Red-tailed Hawk
70.6%
1:04Frogs
68.7%
0:24Mountain Lion
60.3%
0:40Mosquitos
60.2%
Time Animal % Correct
1:36Rattlesnake
57.6%
1:20Wolves
56.4%
1:28Orca
47.9%
0:56Alligator
25.1%
0:16Amazon Macaw
23.9%
1:52Turkey
21.6%
0:48Rhinoceros
19.1%
2:00Red Stag
13.3%

You're not logged in!

Compare scores with friends on all Sporcle quizzes.
Join for Free
OR
Log In

You Might Also Like...

Show Comments

Extras

Top Quizzes Today


Score Distribution

Your Account Isn't Verified!

In order to create a playlist on Sporcle, you need to verify the email address you used during registration. Go to your Sporcle Settings to finish the process.

Report this User

Report this user for behavior that violates our Community Guidelines.

Details: